000 00339cam a22001217a 4500
008 180718b1903 xxu||||| |||| 00| 0 eng d
082 _aB253 G546
100 _aGodkin, Edwin Lawrence
245 _aUnforessen tendencies of democracy
_cby Edwin Lawrence Godkin
260 _aLondon
_bConstable
_c1903
300 _a265p.
650 _aDemocracy
999 _c366587
_d366587